| 000 | 00926nji a22002417a 4500 | ||
|---|---|---|---|
| 005 | 20100908162442.0 | ||
| 006 | a|||||r|||||00| 0 | ||
| 007 | sd ammalaaahaa | ||
| 008 | 100830t xxu||||| |||| 00| 0 eng d | ||
| 028 |
_aEBLP 1753 _bHis Master's Voice |
||
| 035 | _aGR-01290 | ||
| 040 |
_aSED _cSED |
||
| 100 |
_917455 _aBade Ghulam Ali Khan |
||
| 245 |
_aBhor bhai : _cby Bade Gulam Ali Khan _h[sound recording] : _bgujari todi / |
||
| 246 | _aभोर भई / बड़े गुलाम अली खान द्वारा | ||
| 260 |
_aDum Dum, India _bHis Master's Voice |
||
| 300 |
_a1 sound disc [Gramophone Recording]: _banalog, 33 1/3 rpm _c9.5 in. (MP) _fGramophone Record |
||
| 500 | _aBrief Record | ||
| 505 | _aSide-2 छांड दे मोरा (Chhand de mora-Kamod) (Bade Ghulam Ali Khan) | ||
| 586 | _aPadma Bhooshan | ||
| 650 |
_aClassical music _zIndia _91186 _xExcerpts |
||
| 942 |
_2ddc _cGR |
||
| 999 |
_c44615 _d44615 |
||